[Event "Sportsko leto 2013"]
[Site "Paracin, hotel "]
[Date "2013.07.09"]
[Round "5.36"]
[White "Petrovic, Marija"]
[Black "Andersen, Alf R"]
[Result "0-1"]
[WhiteElo "2104"]
[BlackElo "2202"]
[PlyCount "126"]
[EventDate "2013.07.05"]

1. Nf3 d6 2. d4 f5 3. Nc3 Nf6 4. Bg5 Nbd7 5. Qd3 g6 6. e4 fxe4 7. Nxe4 Nxe4 8.
Qxe4 Bg7 9. O-O-O Nf6 10. Bxf6 Bxf6 11. h4 c6 12. h5 Bf5 13. Qe3 Qa5 14. Bc4
O-O-O 15. Be6+ Kb8 16. g4 Bxe6 17. Qxe6 g5 18. Rd3 Rhf8 19. Rhd1 Rc8 20. Kb1 h6
21. Ra3 Qc7 22. Re3 c5 23. c3 Qc6 24. dxc5 Qxc5 25. Qd5 Qb6 26. Qb3 Qc6 27. a3
Qc4 28. Qxc4 Rxc4 29. Nd4 Bxd4 30. Rxd4 Rxd4 31. cxd4 Rxf2 32. Rxe7 Rf4 33. d5
Rxg4 34. Re6 Kc7 35. Rxh6 Rd4 36. Rg6 Rxd5 37. Kc2 g4 38. h6 Rh5 39. Rg7+ Kc6
40. h7 g3 41. Kc3 g2 42. Rxg2 Rxh7 43. Rg3 Rh5 44. Rf3 a5 45. a4 Rh4 46. b3 Kc5
47. Rf7 Rh3+ 48. Kc2 Kc6 49. Rf8 Kc5 50. Rb8 Rh7 51. Rc8+ Kb4 52. Rc4+ Ka3 53.
Rd4 Rh2+ 54. Kc3 Rh3+ 55. Kc4 Rxb3 56. Rxd6 Kxa4 57. Rd1 b5+ 58. Kc5 b4 59.
Ra1+ Ra3 60. Rb1 Rc3+ 61. Kb6 b3 62. Ra1+ Kb4 63. Rxa5 Rc6+ 0-1

[Event "Sportsko leto 2013"]
[Site "Paracin, hotel "]
[Date "2013.07.09"]
[Round "5.37"]
[White "Djordjevic, Gradimir"]
[Black "Bejatovic, Bojana"]
[Result "1-0"]
[WhiteElo "2216"]
[BlackElo "2002"]
[PlyCount "147"]
[EventDate "2013.07.05"]

1. d4 f5 2. c4 Nf6 3. Nc3 g6 4. g3 Bg7 5. Bg2 O-O 6. e3 d6 7. Nge2 c6 8. O-O e5
9. b4 Be6 10. d5 Bf7 11. a4 Qc7 12. Ba3 Rd8 13. Rc1 a6 14. Qb3 e4 15. Nd4 Nbd7
16. f4 Ng4 17. Nce2 c5 18. Nc2 cxb4 19. Bxb4 Rac8 20. h3 Ngf6 21. Ncd4 Nc5 22.
Bxc5 dxc5 23. Nc2 Ne8 24. Rb1 Nd6 25. Na3 Be8 26. Rfc1 Bd7 27. Bf1 Be8 28. Nc3
h6 29. Kf2 Kh7 30. Be2 Qe7 31. h4 h5 32. a5 Qc7 33. Qb6 Bf6 34. Qxc7+ Rxc7 35.
Rb6 Kg7 36. Ke1 Kf7 37. Kd2 Ke7 38. Rcb1 Bd7 39. Bd1 Bxc3+ 40. Kxc3 Be8 41.
R1b2 Kf7 42. Nb1 Ke7 43. Ra2 Kf7 44. Ba4 Bxa4 45. Rxa4 Ke7 46. Ra2 Kf7 47. Kb3
Ke7 48. Nc3 Rdd7 49. Na4 Rd8 50. Kc3 Rdd7 51. Nb2 Rd8 52. Nd1 Kf7 53. Nf2 Kf6
54. Nh3 Ke7 55. Ng5 Rdd7 56. Rab2 Rc8 57. Ne6 Ke8 58. Rxd6 Rxd6 59. Rxb7 Rxe6
60. dxe6 Rd8 61. Ra7 Rd3+ 62. Kc2 Rxe3 63. Rxa6 Ra3 64. Ra7 e3 65. a6 e2 66.
Kd2 Re3 67. Ke1 Rxe6 68. Ra8+ Kd7 69. a7 Ra6 70. Rh8 Ra1+ 71. Kxe2 Ra2+ 72. Kf3
Ra3+ 73. Kg2 Ra2+ 74. Kh3 1-0

[Event "Sportsko leto 2013"]
[Site "Paracin, hotel "]
[Date "2013.07.09"]
[Round "5.38"]
[White "Secheres, Adrian-Simion"]
[Black "Jovanovic, Aleksandar D"]
[Result "1-0"]
[WhiteElo "2143"]
[BlackElo "2229"]
[PlyCount "109"]
[EventDate "2013.07.05"]

1. d4 b5 2. e4 Bb7 3. Bd3 e6 4. Ne2 g6 5. O-O Bg7 6. Nd2 a6 7. Nb3 d6 8. Na5
Bc8 9. a4 b4 10. c3 Ne7 11. cxb4 Nbc6 12. Nxc6 Nxc6 13. b5 Nxd4 14. Nxd4 Bxd4
15. bxa6 c5 16. Rb1 O-O 17. Bb5 Bxa6 18. Bxa6 Rxa6 19. b4 Qa8 20. a5 Rb8 21.
Bd2 cxb4 22. Bxb4 Qxe4 23. Qd2 Bc5 24. Rfe1 Qf5 25. Bxc5 Rxb1 26. Bb6 Ra8 27.
h3 Rc8 28. Rxb1 Qxb1+ 29. Kh2 Rc6 30. Qg5 Qb2 31. Qh4 Qe5+ 32. g3 Qd5 33. Be3
Rc4 34. Qf6 Qe5 35. Qd8+ Kg7 36. a6 Rc2 37. Qb6 Rb2 38. Qd4 Ra2 39. Qc4 Qd5 40.
Bd4+ Kh6 41. Be3+ g5 42. Qc8 Qe5 43. Qf8+ Qg7 44. Qxd6 Qf6 45. Qf8+ Kg6 46.
Qg8+ Qg7 47. Qd8 f6 48. Qb6 Kf7 49. a7 Qf8 50. Qb1 Qa3 51. Qxh7+ Ke8 52. Qc7
Qa4 53. Bc5 Qd7 54. Qb8+ Qd8 55. Bb6 1-0

[Event "Sportsko leto 2013"]
[Site "Paracin, hotel "]
[Date "2013.07.09"]
[Round "5.41"]
[White "Banovic, Ivan"]
[Black "Colovic, Zoran"]
[Result "1-0"]
[WhiteElo "2188"]
[BlackElo "2112"]
[PlyCount "153"]
[EventDate "2013.07.05"]

1. d4 c5 2. d5 Nf6 3. c4 d6 4. Nc3 g6 5. e4 b5 6. cxb5 a6 7. Nf3 Nbd7 8. bxa6
Bg7 9. Bd3 O-O 10. O-O Bxa6 11. h3 c4 12. Bc2 Nc5 13. Be3 Nfd7 14. Bd4 f6 15.
Re1 Qc7 16. b4 cxb3 17. axb3 Rfb8 18. Rb1 Ne5 19. Bxe5 fxe5 20. Qd2 Rf8 21. b4
Nd7 22. Bd3 Bc8 23. Rec1 Nb6 24. Nb5 Qd8 25. Be2 Rf4 26. Qe3 Bd7 27. Nc7 Rb8
28. Ng5 Bh6 29. Nge6 Bxe6 30. Nxe6 Qe8 31. Rc7 Nxd5 32. exd5 Rfxb4 33. Rxb4
Bxe3 34. Rxb8 Qxb8 35. fxe3 Kf7 36. Kh2 e4 37. Bc4 Kf6 38. Rc6 Qb2 39. Rc8 Qc3
40. Nd4 Qxe3 41. Rf8+ Kg7 42. Ne6+ Kh6 43. Rf4 Qe1 44. Be2 e3 45. Re4 g5 46.
Rxe3 Qd2 47. Re4 Qxd5 48. Bf3 Qf5 49. Re2 d5 50. Bg4 Qf6 51. Re1 Kg6 52. Kh1
Qf2 53. Rd1 h5 54. Bf3 g4 55. hxg4 Qh4+ 56. Kg1 hxg4 57. Bxd5 g3 58. Bf3 Kf6
59. Nc5 Qf4 60. Ne4+ Kg7 61. Re1 Qe5 62. Kf1 Qf4 63. Ke2 Qc7 64. Rd1 Kg6 65.
Ke3 Qe5 66. Rc1 Qa5 67. Rc5 Qe1+ 68. Kf4 Qg1 69. Rg5+ Kf7 70. Kxg3 Qe3 71. Re5
Qc1 72. Kg4 Qb2 73. Rf5+ Ke6 74. Kg5 Qc1+ 75. Kg6 Kd7 76. Rd5+ Ke6 77. Ng5+ 1-0

[Event "Sportsko leto 2013"]
[Site "Paracin, hotel "]
[Date "2013.07.09"]
[Round "5.42"]
[White "Persson, Richard"]
[Black "Burovic, Rijad"]
[Result "1-0"]
[WhiteElo "2175"]
[BlackElo "1919"]
[PlyCount "135"]
[EventDate "2013.07.05"]

1. e4 e6 2. d3 d5 3. Qe2 Nf6 4. Nf3 c5 5. g3 Nc6 6. Bg2 Be7 7. O-O b6 8. e5 Nd7
9. c4 d4 10. h4 Bb7 11. Re1 Qc7 12. Nbd2 h6 13. h5 g5 14. hxg6 fxg6 15. Bh3 Nf8
16. Ne4 O-O-O 17. a3 g5 18. Bd2 Rg8 19. Bg2 Nxe5 20. b4 Nfg6 21. bxc5 bxc5 22.
Rab1 Bc6 23. Rb2 Nd7 24. Reb1 g4 25. Nh2 h5 26. Qe1 Rde8 27. a4 Qe5 28. a5 a6
29. Rb3 Ref8 30. Qc1 Rf5 31. Qb2 Rgf8 32. Be1 Bd8 33. Rb7 Bc7 34. Ra7 Nb8 35.
Qd2 Nh4 36. Rxc7+ Qxc7 37. gxh4 Nd7 38. Qh6 Qe5 39. Qd2 Qc7 40. Ng3 Bxg2 41.
Kxg2 Ne5 42. Qe2 Qc6+ 43. Qe4 Qxe4+ 44. Nxe4 Nf7 45. Rb6 Kd7 46. Rxa6 Rb8 47.
Ra7+ Kc6 48. Re7 Ra8 49. Rxe6+ Kd7 50. Rb6 Nd8 51. Bd2 Ne6 52. Kg3 Nc7 53. Bf4
Raf8 54. Bd6 Ra8 55. Rb7 Rc8 56. Bxc5 Rxc5 57. Nxc5+ Kc6 58. Rb6+ Kxc5 59. Rh6
Ra8 60. Rxh5+ Kb4 61. Nxg4 Kc3 62. Ne5 Rxa5 63. f4 Na6 64. Rg5 Nb4 65. Kh3 Nxd3
66. Rg3 Rxe5 67. fxe5 Kxc4 68. Rxd3 1-0

[Event "Sportsko leto 2013"]
[Site "Paracin, hotel "]
[Date "2013.07.09"]
[Round "5.44"]
[White "Scekic, Veljko"]
[Black "Kovacevic, Bozidar"]
[Result "1-0"]
[WhiteElo "2181"]
[BlackElo "1933"]
[PlyCount "125"]
[EventDate "2013.07.05"]

1. d4 Nf6 2. Nf3 g6 3. g3 Bg7 4. Bg2 O-O 5. O-O d5 6. Nc3 Nbd7 7. Bf4 a6 8. Ne5
c6 9. e4 dxe4 10. Nxe4 Nxe4 11. Bxe4 Nxe5 12. dxe5 Bh3 13. Re1 Qxd1 14. Raxd1
Rfd8 15. f3 Be6 16. b3 Kf8 17. c4 Ke8 18. g4 Rxd1 19. Rxd1 Rd8 20. Rxd8+ Kxd8
21. Kf2 Kc7 22. Ke3 b6 23. h4 a5 24. Kd4 c5+ 25. Kd3 h6 26. Bd5 Kc8 27. Bxe6+
fxe6 28. Ke4 Kd7 29. h5 gxh5 30. gxh5 Kc6 31. Bd2 Kc7 32. f4 Kc6 33. f5 Kd7 34.
Bc3 Bf8 35. a3 Bg7 36. Bb2 Bf8 37. Bc3 Bg7 38. f6 Bf8 39. f7 Kc6 40. Kd3 Kc7
41. b4 cxb4 42. axb4 axb4 43. Bxb4 Kb7 44. Kd4 Kc7 45. Ba3 Kb7 46. Kc3 Kc6 47.
Kb4 Bg7 48. Ka4 Bf8 49. Bb4 Kb7 50. Kb5 Kc7 51. Bd2 Bg7 52. Be3 Bf8 53. Bxb6+
Kb7 54. c5 Kb8 55. Kc6 Kc8 56. Kb5 Kb7 57. c6+ Kb8 58. Bd8 Kc8 59. Kb6 Kb8 60.
c7+ Kc8 61. Kc6 Bg7 62. Bxe7 Bf8 63. Kd6 1-0

[Event "Sportsko leto 2013"]
[Site "Paracin, hotel "]
[Date "2013.07.09"]
[Round "5.45"]
[White "Djordjevic, Vuk"]
[Black "Dodic, Dragan"]
[Result "1-0"]
[WhiteElo "2138"]
[BlackElo "2141"]
[PlyCount "57"]
[EventDate "2013.07.05"]

1. d4 d5 2. Nf3 Nf6 3. c4 c6 4. Nc3 e6 5. Bg5 Nbd7 6. e3 Bb4 7. Qc2 Qa5 8. Nd2
O-O 9. Be2 Re8 10. O-O dxc4 11. Bxf6 Nxf6 12. Nxc4 Qc7 13. Rac1 Nd5 14. Ne4 f5
15. Ng5 Bd7 16. Ne5 Bd6 17. Ngf3 Rec8 18. Nc4 Be7 19. a3 a5 20. Nce5 Be8 21.
Bc4 Bd6 22. Ba2 Bh5 23. e4 fxe4 24. Qxe4 Qe7 25. g4 Nf6 26. Qf5 Kh8 27. Qxe6
Be8 28. g5 Nh5 29. Qg8# 1-0